zpět

Detail výsledku týmu

Rockle Klub, České Budějovice

Datum a čas kvízu

31.5 Celkem bodů Celkový počet nahraných bodů na tomto kvízu bez doplňovacích otázek.
1. Pořadí na kvízu Konečné umístění týmu na tomto kvízu.

Zaznamenané odpovědi

# Otázka Odpověď Body Výsledky
1. Ve středu schválil Senát Parla... Právo bránit sebe i ostatní se zbraní. 1
2. Dva vězni vzali minulou středu... ve Švédsku 0
3. Ve čtvrtek vstoupil do českých... Gump - pes, který naučil lidi žít 1
4. Jeden z amerických miliardářů... Jeff Bezos 1
5. Ještě před zahájením olympijsk... Brisbane 0
6. První zmínky o konzumaci čokol... Na území Mexika. 1
7. Semena kakaovníku se po uvolně... B 1
8. Za vynálezem konšovacího příst... Lindt 1
9. Znovu se vrátíme ke klíčové su... B 0
10. Bílá čokoláda, na rozdíl od os... kakaové máslo 1